| 000 | 00720nam a2200205Ia 4500 | ||
|---|---|---|---|
| 003 | GCL | ||
| 008 | 140319s9999 xx 000 0 ara d | ||
| 040 |
_aGCL / _cGCL |
||
| 082 | 0 | 4 |
_a811.9 _bا ا |
| 100 | 1 | _aادريس عيسى | |
| 245 | 1 | 0 |
_aامراة من اقصى الريح الى اقصى الليل تبكى القصيدة / _cادريس عيسى |
| 700 | 1 | _aعبدالنبى التلاوى | |
| 260 |
_a[S.N] : _bرياض الريس للكتب والنشر ، _c1989 |
||
| 300 | _aمتعدد | ||
| 490 |
_aالفائز بجائزة يوسف الخال للشعر 1989 _v0 |
||
| 650 | 0 | 4 | _aالشعر العربى |
| 650 | 0 | 4 | _aالعصر الحديث |
| 650 | 0 | 4 | _aتاريخ ونقد |
| 942 |
_2ddc _cBK |
||
| 999 |
_c55114 _d55114 |
||